Training of science teachers in Japan : Present and future
Đã lưu trong:
| 企业作者: | |
|---|---|
| 格式: | 图书 |
| 语言: | Undetermined |
| 出版: |
Japan
The Japanese National Commission for Unesco
1970
|
| 主题: | |
| 标签: |
添加标签
没有标签, 成为第一个标记此记录!
|
| Thư viện lưu trữ: | Trung tâm Học liệu Trường Đại học Cần Thơ |
|---|
| LEADER | 00621nam a2200205Ia 4500 | ||
|---|---|---|---|
| 001 | CTU_95474 | ||
| 008 | 210402s9999 xx 000 0 und d | ||
| 082 | |a 370.95 | ||
| 082 | |b J11 | ||
| 110 | |a The Japanese National Commission for Unesco | ||
| 245 | 0 | |a Training of science teachers in Japan : | |
| 245 | 0 | |b Present and future | |
| 245 | 4 | |c The Japanese National Commission for Unesco | |
| 260 | |a Japan | ||
| 260 | |b The Japanese National Commission for Unesco | ||
| 260 | |c 1970 | ||
| 650 | |a Science teachers | ||
| 650 | |z Japan | ||
| 904 | |i Hiếu | ||
| 980 | |a Trung tâm Học liệu Trường Đại học Cần Thơ | ||